Verlorene Bilder - verlorene Leben

Titel: Verlorene Bilder - verlorene Leben : jüdische Sammler und was aus ihren Kunstwerken wurde / Melissa Müller ; Monika Tatzkow. Unter Mitarb. von Thomas Blubacher ...
Beteiligt: ;
Ausgabe: 2. Aufl.
Veröffentlicht: München : Sandmann, 2014
Umfang: 265 S. : zahlr. Ill. ; 29 cm
Format: Buch
Sprache: Deutsch
RVK-Notation:
Schlagworte:
ISBN: 9783938045305 ; 3938045302
Buchumschlag
X
alg: 21956550
001A    $00077:13-01-10 
001B    $01999:13-08-17 $t22:37:31.000 
001C    $03034:30-03-15 $t14:13:13.000 
001D    $00077:13-01-10 
001U    $0utf8 
001X    $00 
002@    $0Aau 
003@    $0219565503 
003O    $0601446590 $aOCoLC 
004A    $A978-3-938045-30-5 $fPp. :  EUR 34.00 
004A    $03-938045-30-2 
007A    $0219565503 $aHEB 
007T    $0Herdc0065297m 
010@    $ager 
011@    $a2014 
021A    $aVerlorene Bilder - verlorene Leben $djüdische Sammler und was aus ihren Kunstwerken wurde $hMelissa Müller ; Monika Tatzkow. Unter Mitarb. von Thomas Blubacher ... 
028C    $#Müller, Melissa $#Müller, M. $#Müllerová, Melissa $#Mwillŏ, Mellisa $#Myler, Melisa $#Mülleriga, Melissa $#Mjuller, Mellissa $#Milleri, Melisu $#Miler, Melisah $#Mei li sha . Miu le $#Miu le, Mei li sha $#Mei li sha Mi le $#Meilisha-Mile $#Mile, Meilisha $#Salat, Melissa $#梅莉莎·缪勒 $#缪勒, 梅莉莎 $7120493446 $8Müller, Melissa$Z1967- [Tp1] $9152083987 
028C/01 $7111316510 $8Tatzkow, Monika$Z1954- [Tp1] $9145860892 
032@    $a2. Aufl. 
033A    $pMünchen $nSandmann 
034D    $a265 S. 
034I    $a29 cm 
034M    $azahlr. Ill. 
039U    $8--Oox--Hodonyi, Robert. Verlorene Bilder - verlorene Leben. - München : Sandmann. -  2014 [Rezension], 2009 $9394995066 
041A    $RJudentum $RIsraeliten $RStämme Israels $#Jude $74028808-0 $8Juden [Ts1] $9085075922 
041A/01 $RSammlung $#Privatsammlung $#Private Sammlung $74328335-4 $8Privatsammlung [Ts1] $9086816381 
041A/02 $RGemälde $RMalen $RKunstgattung $#Painting $#Peinture $#Pittura $#Pintura $#Paintings $#Holztafelmalerei $#Tafelbild Malerei $#Tafelmalerei $74037220-0 $8Malerei [Tsz] $9085101273 
041A/03 $RFaschismus $RDrittes Reich $#National socialism $#National-socialisme $#Nazionalsocialismo $#Nacionalsocialismo $#National Socialism $#Faschismus $#Nationalsozialismus $#NS $74041316-0 $8Nationalsozialismus [Tsz] $908511314X 
041A/04 $REigentumsentziehung $RKonfiskation $REnteignender Eingriff $REnteignungsgleicher Eingriff $RMaterielle Enteignung $#Eminent domain $#Expropriation $#Espropriazione $#Expropiación forzosa $#expropriation $#Enteignung $#Enteignung $#Enteignung $#Enteignung $#Enteignung ausländischen Eigentums $#Enteignungsrecht $#Expropriation $74014843-9 $8Enteignung [Ts1] $9085033626 
041A/05 $#Cultural property Repatriation $#Patrimoine culturel Restitution $#Patrimonio cultural Restitución $#Restitution $#Rückgabe Kulturpolitik $#Rückführung Kulturpolitik $#Kulturrestitution $74322105-1 $8Restitution$gKulturpolitik [Ts1] $9086777335 
045E    $c750 $c940 
045F    $a750.74 $eDDC22ger 
045F/01 $a750 
045F/03 $f074 
045Z    $8LH 60400 [Tkv] $9409890170 
045Z    $8LH 60180 [Tkv] $9409889962 

lok: 21956550 25
101B    $013-01-10 $t10:55:16.000 
101C    $027-08-09 
101U    $0utf8 
145S/01 $a590zb 

exp: 21956550 25 1 #EPN
201B/01 $013-01-10 $t10:57:57.000 
201C/01 $027-08-09 
201U/01 $0utf8 
203@/01 $0580998398 
208@/01 $a13-01-10 $bzu 
209A/01 $a4° BE 3624 $du $f000 $hBE 3624 $x00 
209C/01 $a09/5237-3 
209G/01 $a11833076 $x00 
209G/01 $aMAG $x01 
247C/01 $8651000-0 <77>Mainz, Universität Mainz, Zentralbibliothek $9102599602 

lok: 21956550 71

exp: 21956550 71 1 #EPN
201B/01 $026-03-26 $t13:46:12.000 
201C/01 $030-03-15 
201U/01 $0utf8 
203@/01 $0752365843 
208@/01 $a30-03-15 $bz 
209A/01 $aGRZ32/2014 $di $f000 $hGRZ32 2014 $x00 
209C/01 $a2015U0306 
247C/01 $8601010-6 Frankfurt, Städel Museum, Bibliothek $9102598320 

lok: 21956550 78

exp: 21956550 78 1 #EPN
201B/01 $020-11-17 $t23:20:34.000 
201U/01 $0utf8 
203@/01 $0791938603 
208@/01 $a12-11-16 $be 
209A/01 $a/ $f000 $x00 
220C/01 $aTitelaufnehmer: pg 
220C/01 $aHerkunft: HI Marburg 
237A/01 $a1. Aufl. München 2009. Betr. u.a. Max Silberbergs Sammlung in Breslau (114-129) 
244Z/01 $2Trx $#Silesia $#Śląsk $#Sliezsko $#Slezsko $8--Trx--Schlesien $x01 $9391173987 
244Z/01 $#Breslau $#Wrocław $#Wrotizla $#Breßlau $#Breßlaw $#Vroclav $#Vratislav $#Vratislavia $#Vratislauiae $#Bresslau $#Wratislavia $#Brassel $#Bresla $#Wratislava $#Smirna $#Breslavia $#Wroclaw $74008216-7 $8--Tg1--Breslau $x02 $9085014184 
244Z/01 $aGeschichte 1878-1945 $x03 
244Z/01 $2Trx $8--Trx--Silberberg, Max$Z1878-1942 $x04 $9390883980 
244Z/01 $2Trx $#kogud $#kolekcijos $#Collections $#gyüjtemények $#zbiory $#zbierky $#sbírky $#Kunstsammlungen $#umelecké zbierky $8--Trx--Sammlungen $x05 $9391383078 
244Z/01 $2Trx $#juudid $#žydai $#Jews $#zsidók $#Żydzi $#Židia $#Židé $#Minderheit, jüdische $#Litvaken $#mniejszość żydowska $#menšina židovská $#menšina židovská $8--Trx--Juden $x06 $9391371312 
244Z/01 $2Trx $#kultuuriväärtuste vargus $#kultūros vertybių grobimas $#Art theft $#kultúrkincs rablás $#grabież dóbr kultury $#krádeže umeleckých predmetov $#krádeže uměleckých předmětů $#Beutekunst $#Kunstraub $#Kriegsbeute $#Art theft $#grabież dzieł sztuki $#krádeže umeleckých predmetov $#krádeže uměleckých předmětů $8--Trx--Kulturgüterraub $x07 $9391359827 
244Z/01 $2Trx $#maalikunst $#tapyba $#Painting $#festészet $#malarstwo $#maliarstvo $#malířství $8--Trx--Malerei $x08 $9391366467 
244Z/01 $2Trx $8--Trx--Monographie $x09 $9391384546 
245Z/01 $a11.10 $x01 
247C/01 $82080>Marburg/Lahn, Herder-Institut, Forschungsbibliothek, Bibliographieportal $9336309341
LEADER 00000cam a2200000 c 4500
001 219565503
003 DE-603
005 20170813223731.0
007 tu
008 100113s2014 xx |||| | u00||u|ger c
020 |a 9783938045305  |c Pp. : EUR 34.00 
020 |a 3938045302 
035 |a (DE-599)HEB219565503 
035 |a (OCoLC)601446590 
040 |a DE-603  |b ger  |c DE-603  |d DE-603 
041 |a ger 
082 0 4 |8 1\u  |a 750.74  |q DE-101  |2 22/ger 
084 |a 750  |a 940  |q DE-101  |2 sdnb 
084 |a LH 60400  |0 (DE-625)94195:  |0 (DE-603)409890170  |2 rvk 
084 |a LH 60180  |0 (DE-625)94174:  |0 (DE-603)409889962  |2 rvk 
085 |8 1\u  |b 750 
085 |8 1\u  |z 1  |s 074 
245 0 0 |a Verlorene Bilder - verlorene Leben  |b jüdische Sammler und was aus ihren Kunstwerken wurde  |c Melissa Müller ; Monika Tatzkow. Unter Mitarb. von Thomas Blubacher ... 
250 |a 2. Aufl. 
264 1 |a München  |b Sandmann  |c 2014 
300 |a 265 S.  |b zahlr. Ill.  |c 29 cm 
650 7 |a Juden  |0 (DE-588)4028808-0  |0 (DE-603)085075922  |2 gnd 
650 7 |a Privatsammlung  |0 (DE-588)4328335-4  |0 (DE-603)086816381  |2 gnd 
650 7 |a Malerei  |0 (DE-588)4037220-0  |0 (DE-603)085101273  |2 gnd 
650 7 |a Nationalsozialismus  |0 (DE-588)4041316-0  |0 (DE-603)08511314X  |2 gnd 
650 7 |a Enteignung  |0 (DE-588)4014843-9  |0 (DE-603)085033626  |2 gnd 
650 7 |a Restitution  |g Kulturpolitik  |0 (DE-588)4322105-1  |0 (DE-603)086777335  |2 gnd 
700 1 |a Müller, Melissa  |d 1967-  |0 (DE-603)152083987  |0 (DE-588)120493446  |2 gnd 
700 1 |a Tatzkow, Monika  |d 1954-  |0 (DE-603)145860892  |0 (DE-588)111316510  |2 gnd 
787 0 8 |i Rezensiert in  |a Hodonyi, Robert  |t Verlorene Bilder - verlorene Leben. - München : Sandmann. - 2014 [Rezension]  |w (DE-603)394995066 
924 0 |9 77  |a (DE-603)580998398  |b DE-77  |c HES  |d c  |g 4° BE 3624  |h MAG 
924 0 |9 F 10  |a (DE-603)752365843  |b DE-F10  |c HES  |d d  |g GRZ32/2014 
924 0 |9 2080  |a (DE-603)791938603  |b DE-2080  |c HES  |d d  |g /